Catholic University of Zimbabwe Library
Online Public Access Catalogue
(OPAC)

Intellectual property, pharmaceuticals and public health (Record no. 29037)

MARC details
000 -LEADER
fixed length control field 03075nam a2200337 a 4500
001 - CONTROL NUMBER
control field eep9780857938619
003 - CONTROL NUMBER IDENTIFIER
control field UtOrBLW
005 - DATE AND TIME OF LATEST TRANSACTION
control field 20210215104228.0
006 - FIXED-LENGTH DATA ELEMENTS--ADDITIONAL MATERIAL CHARACTERISTICS
fixed length control field m o d
007 - PHYSICAL DESCRIPTION FIXED FIELD--GENERAL INFORMATION
fixed length control field cr un|||||||||
008 - FIXED-LENGTH DATA ELEMENTS--GENERAL INFORMATION
fixed length control field 110428s2011 mauad ob 001 0 eng d
010 ## - LIBRARY OF CONGRESS CONTROL NUMBER
LC control number 2011928597
020 ## - INTERNATIONAL STANDARD BOOK NUMBER
International Standard Book Number 9780857938619 (e-book)
040 ## - CATALOGING SOURCE
Original cataloging agency DLC
Transcribing agency DLC
Modifying agency UtOrBLW
043 ## - GEOGRAPHIC AREA CODE
Geographic area code d------
050 #4 - LIBRARY OF CONGRESS CALL NUMBER
Classification number HD9674.D44
Item number I58 2011
245 00 - TITLE STATEMENT
Title Intellectual property, pharmaceuticals and public health
Medium [electronic resource] :
Remainder of title access to drugs in developing countries /
Statement of responsibility, etc. edited by Kenneth C. Shadlen ... [et al.].
260 ## - PUBLICATION, DISTRIBUTION, ETC.
Place of publication, distribution, etc. Northampton, Mass. :
Name of publisher, distributor, etc. Edward Elgar,
Date of publication, distribution, etc. 2011.
300 ## - PHYSICAL DESCRIPTION
Extent 1 online resource (xi, 338 p.) :
Other physical details ill.
504 ## - BIBLIOGRAPHY, ETC. NOTE
Bibliography, etc. note Includes bibliographical references and index.
505 0# - FORMATTED CONTENTS NOTE
Formatted contents note 1. Globalization, intellectual property rights, and pharmaceuticals : meeting the challenges to addressing health gaps in the new international environment / Kenneth C. Shadlen ... [et al.] -- 2. Pharmaceutical production and access to essential medicines in South Africa / Heinz Klug -- 3. Intellectual property and access to medicines : paradoxes in Moroccan policy / Gaëlle Krikorian -- 4. The invisible threat : trade, intellectual property, and pharmaceutical regulations in Colombia / Tatiana Andia -- 5. The challenges of constructing pharmaceutical capabilities and promoting access to medicines in Mexico under TRIPS / Alenka Guzmán -- 6. Corporate power and state resistance : Brazil's use of TRIPS flexibilities for its National AIDS Program / Matthew Flynn -- 7. The politics of patents and drugs in Brazil and Mexico : the industrial bases of health policies / Kenneth C. Shadlen -- 8. Pharmaceutical patent policy in developing countries : learning from the Canadian experience / Jean-Frédéric Morin and Mélanie Bourassa Forcier -- 9. Access to Indian generic drugs : emerging issues / N. Lalitha -- 10. Sufficient but expensive drugs : a double-track system that facilitated supply capability in China / Mariko Watanabe and Luwen Shi -- 11. Access to essential drugs in Thailand : intellectual property rights and other institutional matters affecting public health in a developing country / Samira Guennif -- 12. The TRIPS agreement and health innovation in Bangladesh / Padmashree Gehl Sampath.
520 ## - SUMMARY, ETC.
Summary, etc. This up-to-date book examines pharmaceutical development, access to medicines, and the protection of public health in the context of two fundamental changes that the global political economy has undergone since the 1970s, the globalization of trade and production and the increased harmonization of national regulations on intellectual property rights.
650 #0 - SUBJECT ADDED ENTRY--TOPICAL TERM
Topical term or geographic name entry element Pharmaceutical industry
Geographic subdivision Developing countries.
650 #0 - SUBJECT ADDED ENTRY--TOPICAL TERM
Topical term or geographic name entry element Pharmaceutical services
Geographic subdivision Developing countries.
650 #0 - SUBJECT ADDED ENTRY--TOPICAL TERM
Topical term or geographic name entry element Public health
Geographic subdivision Developing countries.
655 #7 - INDEX TERM--GENRE/FORM
Genre/form data or focus term Electronic books.
Source of term lcsh
700 1# - ADDED ENTRY--PERSONAL NAME
Personal name Shadlen, Kenneth C.
710 2# - ADDED ENTRY--CORPORATE NAME
Corporate name or jurisdiction name as entry element Edward Elgar Publishing.
776 1# - ADDITIONAL PHYSICAL FORM ENTRY
International Standard Book Number 9781849800143 (hardback)
856 40 - ELECTRONIC LOCATION AND ACCESS
Uniform Resource Identifier <a href="https://www.elgaronline.com/view/9781849800143.xml">https://www.elgaronline.com/view/9781849800143.xml</a>
Holdings
Withdrawn status Lost status Source of classification or shelving scheme Damaged status Not for loan Home library Current library Shelving location Date acquired Total Checkouts Full call number Date last seen Uniform Resource Identifier Price effective from Koha item type
          Digital Library Digital Library Online Access 15.02.2021   HD9674.D44 I58 2011 15.02.2021 https://www.elgaronline.com/view/9781849800143.xml 15.02.2021 eBook

OPENING HOURS

Weekdays: 0815hrs - 1800hrs
Weekends:0900hrs - 1200hrs

Closed for Mass:

Mon, Thur: 1200hrs - 1300hrs
Sunday & Public Holiday’s

CALL SUPPORT

0242-570570, 0242-570169
09200664, +263 8644140602

LOCATION

18443, Cranborne Avenue, Hatfield, Harare

Other Links


©2021 | CUZ Library